00696nai a2200181Ia 4500003000900000008004100009022002200050022002300072040001600095245006700111260008600178310001200264362003000276521006900306650003600375650001500411856008800426IN-BaIIA211028c9999 xx s 000 0 eng d a0196-2892 (Print) a1558-0644 (Online) cIIA Library 0aIEEE Transactions on Geoscience and Remote Sensingh[eJournal] aNew York, USAbThe Institute of Electrical and Electronics Engineers, Inc. (IEEE) aMonthly aGE-18(1); 1980 - Present  bSubscribed through National Knowledge Resource Consortium (NKRC) a Signal Processing and Analysis aGeoscience uhttps://ieeexplore.ieee.org/servlet/opac?punumber=36yClick Here to Access eJournal